Law and covenant in Israel and the ancient near east. (Record no. 2497)

000 -LEADER
fixed length control field 00690nam a2200205 a 4500
001 - CONTROL NUMBER
control field :::00000222$&:&@@
003 - CONTROL NUMBER IDENTIFIER
control field OkBaRHE
005 - DATE AND TIME OF LATEST TRANSACTION
control field 20000607103237.0
008 - FIXED-LENGTH DATA ELEMENTS--GENERAL INFORMATION
fixed length control field s1955 j 000 0 eng u
040 ## - CATALOGING SOURCE
Transcribing agency
100 1# - MAIN ENTRY--PERSONAL NAME
Personal name Mandenhall, George E.
245 10 - TITLE STATEMENT
Title Law and covenant in Israel and the ancient near east.
260 ## - PUBLICATION, DISTRIBUTION, ETC. (IMPRINT)
Place of publication, distribution, etc Pittsburgh, PA., :
Name of publisher, distributor, etc Presbyterian Board of Colportage of Western Pennsylvania
Date of publication, distribution, etc 1955
300 ## - PHYSICAL DESCRIPTION
Extent 50 p. ;
Dimensions 24 cm.
650 ## - SUBJECT ADDED ENTRY--TOPICAL TERM
Topical term or geographic name as entry element Covenants (Theology)
650 ## - SUBJECT ADDED ENTRY--TOPICAL TERM
Topical term or geographic name as entry element Jewish Law History
650 ## - SUBJECT ADDED ENTRY--TOPICAL TERM
Topical term or geographic name as entry element Law Near East
General subdivision History and Criticism
942 ## - ADDED ENTRY ELEMENTS (KOHA)
Source of classification or shelving scheme
Koha item type Books
Copies
Date acquired Lost status Current Location Withdrawn status Permanent Location Source of classification or shelving scheme Barcode Date last seen Price effective from Full call number Koha item type Damaged status Not for loan Copy number Shelving location
2010-04-14 RHEMA Bible Training College RHEMA Bible Training College 2222018-01-092010-04-14BM 520 .M4Books  1General Stacks